Score 0/28 Timer 05:00
3 Plays Today
% Correct
Les Miserables
90.4%
Annie
90%
Phantom of the Opera
86.3%
Cabaret
86.1%
West Side Story
85.9%
My Fair Lady
85%
Grease
84.2%
The King and I
84%
Oliver!
80.2%
Hello, Dolly!
79.8%
Hair
79.7%
Little Shop of Horrors
77.4%
Jersey Boys
74.8%
South Pacific
74.4%
% Correct
Carousel
70.1%
Rock of Ages
65.3%
Godspell
64.6%
A Funny Thing Happened on the Way to the Forum
64.4%
The Wiz
64.1%
Damn Yankees
61.6%
Anything Goes
61.4%
Show Boat
60.6%
Brigadoon
52.1%
The Pajama Game
40.5%
Finian's Rainbow
39.7%
The Unsinkable Molly Brown
39.3%
Nine
37.3%
The Fantasticks
36.4%
Remove Ads.
Support Sporcle.
Get the best of Sporcle when you Go Orange. This ad-free experience offers more features, more stats, and more fun while also helping to support Sporcle. Thank you for becoming a member.

You're not logged in!

Compare scores with friends on all Sporcle quizzes.
OR
Log In

Show Comments

Extras

Top Quizzes Today


Score Distribution

Your Account Isn't Verified!

In order to create a playlist on Sporcle, you need to verify the email address you used during registration. Go to your Sporcle Settings to finish the process.

Report this User

Report this user for behavior that violates our Community Guidelines.

Details: